| 000 | 00730nam a2200217 a 4500 | ||
|---|---|---|---|
| 001 | BRCA_8294 | ||
| 005 | 20190320210220.0 | ||
| 008 | 160614s1954----mx-####f##---#001-0#spa-# | ||
| 041 | _aspa | ||
| 044 | _asp | ||
| 050 | 4 |
_aN910 _b.I56 1954 |
|
| 110 | 2 |
_aInstituo Nacional de Antropología e Historia _920710 |
|
| 245 | 1 | 0 |
_aEl Instituo Nacional de Antropología e Historia _bsu contribución editorial, científica y de cultura _cInstituo Nacional de Antropología e Historia. |
| 260 |
_aMéxico _bINAH _c1954 |
||
| 300 |
_a89 p. _c22 cm. |
||
| 500 | _aIncluye índice onomástico | ||
| 500 | _aS99 | ||
| 610 | 2 | 4 |
_aInstituo Nacional de Antropología e Historia _vBibliografía _zMéxico _920711 |
| 902 | _aGFM | ||
| 942 |
_2lcc _cB |
||
| 999 |
_c7962 _d7962 |
||